000 00609nam a2200193Ia 4500
008 151121s9999||||xx |||||||||||||| ||und||
082 _a813-/काळे
082 _bHNW-118359
100 _aकाळे व। पु।
245 _aवन फॉर द रोड
260 _b"मेहता पब्लिशिंग हाऊस, पुणे।"
260 _c2014
300 _a134
600 _aकाळे व। पु।
630 _aवन फॉर द रोड
700 _aकाळे व। पु।
730 _aवन फॉर द रोड
942 _cBOOK
999 _c1265883
_d1265880